Healthy and sustainable food systems
Պահպանված է:
| Ձևաչափ: | Գիրք |
|---|---|
| Լեզու: | անգլերեն |
| Հրապարակվել է: |
Routledge
2020
|
| Ցուցիչներ: |
Ավելացրեք ցուցիչ
Չկան պիտակներ, Եղեք առաջինը, ով նշում է այս գրառումը!
|
MARC
| LEADER | 00000nam a22000007a 4500 | ||
|---|---|---|---|
| 008 | 230116b |||||||| |||| 00| 0 eng d | ||
| 020 | |a 9780815393276 | ||
| 245 | |a Healthy and sustainable food systems |c edited by Mark Lawrence and Sharon Friel |g xxxii,240p;ill | ||
| 250 | |c Lawrence, Mark | ||
| 250 | |c Friel, Sharon | ||
| 260 | |b Routledge |c 2020 |h New York |i 699705 |i 699706 |l HD9000.5.H35 |m Food Supply |m Sustainable Development |m Food Quality |m Healthy Diet |m Healthy Equity | ||
| 942 | |a lcc |c BK |e Johnson |f 16/01/23 | ||
| 952 | |0 0 |1 0 |2 lcc |4 0 |6 HD90005 H35 |7 0 |9 4149 |a SSL |b HOL |c GJ |d 2023-01-16 |l 0 |o HD9000.5.H35 |p 2023-0080 |r 2023-01-16 00:00:00 |t 699630 |w 2023-01-16 |y BK | ||
| 952 | |0 0 |1 0 |2 lcc |4 0 |6 HD90005 H35 |7 0 |9 4150 |a HOL |b HOL |c GJ |d 2023-01-16 |l 0 |o HD9000.5.H35 |p 2023-0081 |r 2023-01-16 00:00:00 |t 699630 |w 2023-01-16 |y BK | ||
| 999 | |c 2077 |d 2077 | ||